दिव्यागता अभिशाप नहीं/ (Record no. 198330)

MARC details
000 -LEADER
fixed length control field 00786nam a22001937a 4500
005 - DATE AND TIME OF LATEST TRANSACTION
control field 20230919105811.0
010 ## - LCCN (DPL NO)
LC control number HIN-126038
020 ## - INTERNATIONAL STANDARD BOOK NUMBER
International Standard Book Number 9789386821324
Terms of availability 300.00
035 ## - SYSTEM CONTROL NUMBER
System control number HN-98384
037 ## - SOURCE OF ACQUISITION
Source of stock number/acquisition DBAD/PUB
082 ## - DEWEY DECIMAL CLASSIFICATION NUMBER
Classification number 362.4
100 ## - MAIN ENTRY--PERSONAL NAME
Personal name पाल,गौतम
245 ## - TITLE STATEMENT
Title दिव्यागता अभिशाप नहीं/
Remainder of title गौतम पाल
260 ## - PUBLICATION, DISTRIBUTION, ETC. (IMPRINT)
Place of publication, distribution, etc दिल्ली
Name of publisher, distributor, etc पुष्पांजलि प्रकाशन
Date of publication, distribution, etc 2022
270 ## - ADDRESS
Address एल-46, गली न 5, शिवाजी मार्ग, करतार नगर
City दिल्ली
Postal code 110093
300 ## - PHYSICAL DESCRIPTION
Extent 112पृ.
Dimensions 22 cm (अजिल्द)
700 ## - ADDED ENTRY--PERSONAL NAME
Personal name प्रहलादका, चंदा
9 (RLIN) 56815
942 ## - ADDED ENTRY ELEMENTS (KOHA)
Source of classification or shelving scheme Dewey Decimal Classification
Item type Hindi Books
Classification part 362.4
Call number suffix पाल
Holdings
Withdrawn status Lost status Not for loan Collection code Home library Current library Date acquired Source of acquisition Cost, normal purchase price Full call number Barcode Copy number Cost, replacement price Koha item type
      Non-fiction Bawana Bawana 19/09/2023 Dbad/Pub 300.00 362.4 पाल HN-98384 1 300.00 Hindi Books

© Delhi Public Library
Hit Counter
free hit counter